Problemática de la producción forestal (Record no. 122682)

MARC details
000 -LEADER
campo de control de longitud fija 00978nam a2200205 4500
001 - NÚMERO DE CONTROL
campo de control 122682
003 - IDENTIFICADOR DE NÚMERO DE CONTROL
campo de control ES-MaACL
005 - FECHA Y HORA DE LA ÚLTIMA TRANSACCIÓN
campo de control 20251220174043.0
007 - CAMPO FIJO DE DESCRIPCIÓN FÍSICA--INFORMACIÓN GENERAL
campo de control de longitud fija t|
008 - DATOS DE LONGITUD FIJA--INFORMACIÓN GENERAL
campo de control de longitud fija 070214s1974 sp r ||||1| spa d
111 ## - ENTRADA PRINCIPAL--NOMBRE DE CONGRESO/REUNIÓN
Nombre de congreso/reunión o jurisdicción como elemento de entrada Seminario para la Elaboracion del Programa Nacional de Produccion Forestal
Sede del congreso/Lugar de la reunión (Lourizán, Pontevedra
Fecha del congreso o de la firma del tratado (1973)
9 (RLIN) 218927
245 10 - MENCIÓN DEL TÍTULO
Título Problemática de la producción forestal
Resto del título : extracto de trabajos y comunicaciones del Seminario celebrado en Lourizán (Pontevedra), 12-15 de noviembre de 1973, para la elaboración del Programa Nacional de Producción Forestal.
260 ## - PUBLICACIÓN, DISTRIBUCIÓN, ETC.
Lugar de publicación, distribución, etc. Madrid :
Nombre del editor, distribuidor, etc. Instituto Nacional de Investigaciones Agrarias,
Fecha de publicación, distribución, etc. 1974.
300 ## - DESCRIPCIÓN FÍSICA
Extensión 186 p. ;
Dimensiones 24 cm.
490 1# - MENCIÓN DE SERIE
Mención de serie Comunicaciones INIA. Recursos naturales ;
Designación de volumen o secuencia 1
710 2# - ENTRADA AGREGADA--NOMBRE DE ENTIDAD CORPORATIVA
Nombre de entidad corporativa o nombre de jurisdicción como elemento de entrada Instituto Nacional de Investigaciones Agrarias (España)
9 (RLIN) 5168
830 0# - PUNTO DE ACCESO ADICIONAL DE SERIE-TÍTULO UNIFORME
Título uniforme Comunicaciones INIA. Recursos naturales ;
Designación de volumen o secuencia 1
9 (RLIN) 218868
852 ## - LOCALIZACIÓN
Ubicación ES-MaACL
Número de control de estantería L-4182
Sublocalización o colección R.90887
Holdings
Estatus retirado Estado de pérdida Estado de daño No para préstamo Biblioteca de origen Biblioteca actual Ubicación en estantería Fecha de adquisición Fuente de adquisición Total de préstamos Signatura topográfica completa Código de barras Visto por última vez Precio de reemplazo Tipo de ítem Koha
        Biblioteca del Ateneo de Madrid Biblioteca del Ateneo de Madrid Depósito 2 17/01/2008     L-4182 1127836 23/02/2023 23/02/2023 Libro impreso